000
00333nam a22001457a 4500
008
221012b ||||| |||| 00| 0 eng d
020
_a
471093386
041
_a
eng
080
_a
334.7
082
_a
334.7
100
_a
25.1 BOY
101
_a
MATE
245
_a
INTRODUCTION TO DIFFERENTIAL EQUATIONS
_c
BOYCE W
942
_2
udc
_c
BK
999
_c
58505
_d
58505